[Event "West Attica-ch U16"]
[Site "Athens"]
[Date "2009.09.11"]
[Round "6"]
[White "Sarantopoulou, Niki"]
[Black "Tsoukaraki, Athina"]
[Result "0-1"]
[WhiteElo "1005"]
[BlackElo "1150"]
[PlyCount "50"]
[EventDate "2009.09.08"]
[EventType "swiss"]
[EventRounds "7"]
[EventCountry "GRE"]
[SourceTitle "EXT 2011"]
[Source "ChessBase"]
[SourceDate "2010.11.26"]
[SourceVersion "1"]
[SourceVersionDate "2010.11.26"]
[SourceQuality "1"]

1. e4 e5 2. Nf3 Nc6 3. Bc4 Nf6 4. Nc3 Bc5 5. 0-0 d6 6. h3 Bd7 7. d3 h6 8. Bd2 Qe7 9. Nd5 Nxd5 10. Bxd5 0-0-0 11. Bxc6 Bxc6 12. c4 g5 13. b4 Bd4 14. Nxd4 exd4 15. Re1 Rdg8 16. f3 h5 17. Qe2 Bd7 18. Kf2 g4 19. fxg4 hxg4 20. hxg4 Bxg4 21. Qf1 Rh7 22. Reb1 Rgh8 23. Qg1 Qf6+ 24. Kg3 Qh4+ 25. Kf4 Rh6 0-1

[Event "West Attica-ch U16"]
[Site "Athens"]
[Date "2009.09.10"]
[Round "5"]
[White "Sarantopoulou, Niki"]
[Black "Sarantopoulos, Panayiotis"]
[Result "1/2-1/2"]
[WhiteElo "1005"]
[BlackElo "1240"]
[PlyCount "83"]
[EventDate "2009.09.08"]
[EventType "swiss"]
[EventRounds "7"]
[EventCountry "GRE"]
[SourceTitle "EXT 2011"]
[Source "ChessBase"]
[SourceDate "2010.11.26"]
[SourceVersion "1"]
[SourceVersionDate "2010.11.26"]
[SourceQuality "1"]

1. e4 e5 2. Nf3 Nc6 3. Bc4 Bc5 4. 0-0 Nf6 5. Nc3 d6 6. h3 Be6 7. Bxe6 fxe6 8. d3 Qd7 9. Be3 Bb6 10. Bxb6 axb6 11. Qd2 0-0-0 12. b3 Rdg8 13. Na4 h6 14. Nh4 g5 15. Nf3 Qg7 16. Ne1 h5 17. Qe3 h4 18. Nf3 g4 19. Ne1 Nh5 20. hxg4 Qxg4 21. Qf3 Qg6 22. c3 b5 23. Nb2 b4 24. cxb4 Nd4 25. Qh3 Nf4 26. Qh1 Nfe2+ 27. Kh2 Qg4 28. Nd1 Qf4+ 29. Kh3 Rg3+ 30. fxg3 Qxf1 31. Qxf1 hxg3+ 32. Kg4 Rg8+ 33. Kh5 Rh8+ 34. Kg6 Nf4+ 35. Kg5 Rg8+ 36. Kh6 Rf8 37. Ne3 Rf6+ 38. Kg5 Rg6+ 39. Kh4 Nde2 40. Qf3 Rh6+ 41. Kg5 Rg6+ 42. Kh4 1/2-1/2